The trail of the hare : environment and stress in a sub-Arctic community

Αποθηκεύτηκε σε:
Λεπτομέρειες βιβλιογραφικής εγγραφής
Κύριος συγγραφέας: Savishinsky, Joel S.
Μορφή: Βιβλίο
Γλώσσα:English
Δημοσίευση: USA : Gordon and Breach, c1994
Έκδοση:2nd ed.
Σειρά:Library of anthropology,
Θέματα:
Ετικέτες: Προσθήκη ετικέτας
Δεν υπάρχουν, Καταχωρήστε ετικέτα πρώτοι!

MARC

LEADER 00000nam a2200000 i 4500
001 1/15112
008 010110s1994 eng d
020 |a 2-88124-618-4 
035 |l 10065266 
040 |a GR-MY-UA  |b gre  |e aacr 
041 0 |a eng 
082 0 |a 971.93004972 
100 1 |a Savishinsky, Joel S. 
245 1 4 |a The trail of the hare :  |b environment and stress in a sub-Arctic community /  |c Joel S. Savishinsky 
250 |a 2nd ed. 
260 |a USA :   |b Gordon and Breach,   |c c1994 
300 |a xxi, 294 σ.;  |b εικ., χάρτες;  |c 24 εκ. 
490 1 |a Library of anthropology  |x 0141-1012 
500 |a Originally presented as the author's thesis (doctoral-Cornell) 
504 |a Περιέχει βιβλιογραφικές παραπομπές (σ. 275-290) και ευρετήριο 
650 0 0 |a Kawchottine Indians. 
650 0 0 |a Stress (Psychology)  |x Case studies. 
651 0 |a Colville Lake (N.W.T.) 
830 0 |a Library of anthropology,  |x 0141-1012 
852 |a INST  |b LESVOS  |e 20010110  |h 971.93004972 SAV  |p 005100029201  |q 005100029201  |t BK  |y 0 
901 |a BIBL1-2001-1 
909 |a Λ  |b 084233 
922 |a 1ΕΛΗ  |b 200012  |c ΤΑΚ/ΤΚΑ  |d ΜΙΧΑΛΟΠΟΥΛΟΣ 
950 |a 117-1999-07-28 
970 |a ΤΖΑΦΕΡΗ  |b ΕΥΑΓΓΕΛΙΑ  |z 2001/01/26